Fundamentals of human resource management. / (Record no. 19380)
[ view plain ]
| 000 -LEADER | |
|---|---|
| fixed length control field | 00785cam a22002652 4500 |
| 001 - CONTROL NUMBER | |
| control field | 0000020976 |
| 003 - CONTROL NUMBER IDENTIFIER | |
| control field | OSt |
| 005 - DATE AND TIME OF LATEST TRANSACTION | |
| control field | 20220708164626.0 |
| 008 - FIXED-LENGTH DATA ELEMENTS--GENERAL INFORMATION | |
| fixed length control field | 120105s xx 000 0 eng d |
| 020 ## - INTERNATIONAL STANDARD BOOK NUMBER | |
| International Standard Book Number | 9354600344 |
| 040 ## - CATALOGING SOURCE | |
| Original cataloging agency | KABU |
| Transcribing agency | KABU |
| 050 ## - LIBRARY OF CONGRESS CALL NUMBER | |
| Classification number | HF5549 |
| Item number | .F86 2020 |
| 245 10 - TITLE STATEMENT | |
| Title | Fundamentals of human resource management. / |
| Statement of responsibility, etc. | Noe, Raymond A.[et ... al.]. |
| 250 ## - EDITION STATEMENT | |
| Edition statement | 8th ed. |
| 260 ## - PUBLICATION, DISTRIBUTION, ETC. (IMPRINT) | |
| Place of publication, distribution, etc. | India |
| Name of publisher, distributor, etc. | McGrawHill |
| Date of publication, distribution, etc. | 2020 |
| 300 ## - PHYSICAL DESCRIPTION | |
| Extent | xxvi, 569p. |
| 650 #0 - SUBJECT ADDED ENTRY--TOPICAL TERM | |
| Topical term or geographic name as entry element | Personnel management. |
| 700 1# - ADDED ENTRY--PERSONAL NAME | |
| Personal name | Hollenbeck, John R. |
| 700 1# - ADDED ENTRY--PERSONAL NAME | |
| Personal name | Gerhart, Barry |
| 700 1# - ADDED ENTRY--PERSONAL NAME | |
| Personal name | Wright, Patrick M. |
| 908 ## - PUT COMMAND PARAMETER (RLIN) | |
| Put command parameter | 120105 |
| 942 ## - ADDED ENTRY ELEMENTS (KOHA) | |
| Source of classification or shelving scheme | Library of Congress Classification |
| Koha item type | General Collection |
| Withdrawn status | Lost status | Source of classification or shelving scheme | Not for loan | Home library | Current library | Date acquired | Cost, normal purchase price | Total Checkouts | Full call number | Barcode | Date last seen | Price effective from | Koha item type | Date last checked out |
|---|---|---|---|---|---|---|---|---|---|---|---|---|---|---|
| Library of Congress Classification | Kabarak, Main Campus | Kabarak, Main Campus | 08/07/2022 | 56931.00 | HF5549 .F86 2020 c.1 | 031993 | 02/08/2024 | 08/07/2022 | General Collection | |||||
| Library of Congress Classification | Kabarak, Main Campus | Kabarak, Main Campus | 08/07/2022 | 56931.00 | HF5549 .F86 2020 c.2 | 031994 | 02/08/2024 | 08/07/2022 | General Collection | |||||
| Library of Congress Classification | Kabarak, Main Campus | Kabarak, Main Campus | 08/07/2022 | 18977.00 | 1 | HF5549 .F86 2020 c. 3 | 34451 | 02/08/2024 | 08/07/2022 | General Collection | 30/01/2024 | |||
| Library of Congress Classification | Kabarak, Main Campus | Kabarak, Main Campus | 08/07/2022 | 18977.00 | HF5549 .F86 2020 c. 4 | 34452 | 02/08/2024 | 08/07/2022 | General Collection | |||||
| Library of Congress Classification | Kabarak, Nakuru City Campus | Kabarak, Main Campus | 08/07/2022 | 18977.00 | 1 | HF5549 .F86 2020 c. 2 | 34453 | 28/10/2023 | 08/07/2022 | General Collection | 28/10/2023 | |||
| Library of Congress Classification | Kabarak, Nakuru City Campus | Kabarak, Nakuru City Campus | 08/07/2022 | 56931.00 | HF5549 .F86 2020 c.1 | 031995 | 08/07/2022 | 08/07/2022 | General Collection |